000
00259nam a2200121Ia 4500
008
231106s2019 xx 000 0 und d
041
_a
eng
082
_a
751.42
100
_a
JEREMY FORD
245
_a
KOONS
260
_b
SEARCH PRESS
_c
2019
300
_a
P-64
999
_c
920131
_d
920131